00957nam a2200217 i 450000100060000000300090000600500170001500700030003200800410003508000260007608000160010211100830011824501200020126000600032130000350038165000770041665000500049385200590054399900170060295201200061947599ES-MaACL20230906161609.0t|030507s1972 xxu ||||1| eng d a377:681.31"1972"(063) a681.31(063)2 aConference on Computers in the Undergraduate Curricula (d1972.cAtlanta)918610aProceedings of the 1972 Conference on Computers in Undergraduate Curriculab: june 12,13,14, 1972 Atlanta, Georgia. aAtlanta : bSouthern Regional Education Board, c[1972] aXII, 590 p. : bil. ; c28 cm.14aInformáticos-xFormación profesional-vCongresos y asambleas.91376514aInformática-xCongresos y asambleas.913761 aES-MaACLjG-539 z. - Donat. Ernesto García Camarero c47599d47599 00104070aATENEOMbATENEOMcDEPO2d2008-01-17eSCl0oG-539p1050082r2023-02-23 00:00:00w2023-02-23yMONOGRAFIA